000 00862nam a22002177a 4500
005 20240530110549.0
008 160618s2012 ua o|||f |||| 00| 0 ara d
017 _a2012/22246
_bمصر. دار الكتب المصرية
020 _a9789772211708
040 _aEG-CaGPL
082 0 4 _a962
_bق/ع ث
_221
100 0 _aعبدالعزيز جمال الدين
245 1 0 _aثورات وتمرات المصريين منذ الاحتلال العثمانى حتى عام 1952 /
_cعبدالعزيز جمال الدين.
250 _aط .1
260 _aالقاهرة :
_bدار الثقافة الجديدة،
_c2012.
300 _a377 ص. :
_bصور ؛
_c24 سم.
651 0 4 _aمصر
_xتاريخ
_yالعصر العثمانى
651 0 4 _aمصر
_xتاريخ
_yالعصر الحديث
942 _2ddc
_cBK
999 _c62418
_d62418